000
00240nam a2200097Ia 4500
008
220216s9999 xx 000 0 und d
245
4
_a
The longevity of rubber in pipes and pipelines
260
_b
Planter
_c
1965
300
_a
167
942
_c
JS
999
_c
70824
_d
70824